| 000 | 01148cam a22003377a 4500 | ||
|---|---|---|---|
| 003 | CHAP | ||
| 005 | 20220329135247.0 | ||
| 008 | 971013s1988 r 00010 d | ||
| 010 | _a33441 | ||
| 011 | _a34413 | ||
| 035 | _a38529 | ||
| 040 | _cCHAP | ||
| 090 | _aTesis | ||
| 100 | 0 | 0 |
_aCuriel Rodríguez, Arturo. _930520 |
| 245 | 1 | 4 |
_aLos métodos estadísticos en el cálculo de tamaño de parcela _b: un análisis crítico |
| 260 |
_aChapingo, Méx. : _bEl autor, _c1988 |
||
| 300 | _a78 h. | ||
| 502 | _aTesis (Ing. Agr. Esp. en Fitotecnia) -- UACH. Departamento de Fitotecnia | ||
| 590 |
_aALEPH _b10 _c20130110 _lUCH01 _h1258 |
||
| 590 |
_aBATCH-UPD _b10 _c20130109 _lUCH01 _h2332 |
||
| 590 |
_aBATCH-UPD _b10 _c20130110 _lUCH01 _h1613 |
||
| 590 |
_aBATCH-UPD _b10 _c20130409 _lUCH01 _h1858 |
||
| 590 |
_aBATCH-UPD _b10 _c20130410 _lUCH01 _h1008 |
||
| 590 |
_aBATCH-UPD _b10 _c20130914 _lUCH01 _h1132 |
||
| 590 |
_aCONVERSION _b10 _c20130109 _lUCH01 _h1319 |
||
| 650 | 1 | 4 |
_aAgricultura _xMetodos estadisticos. _91745 |
| 650 | 1 | 4 |
_aParcelas experimentales. _985485 |
| 901 | _aBK | ||
| 942 | _cTESIS | ||
| 949 |
_bBC _cTES _d-88050 _eTS1 _h20387 _i38529 _si |
||
| 999 |
_c33441 _d33441 |
||